Zapamiętaj 15 Państw Na Mapie Świata. - Statystyki

Ogólne statystyki
  • Ten quiz został rozwiązany 71 razy
  • Średni wynik to 11 z 15
Odpowiedzi na mapie
Odpowiedzi zakodowano w zielono-czerwonej skali na mapie do tego quizu, zgodnie z poniższymi procentami.
 
Statystyki odpowiedzi
Country % Poprawnych
Albania
100%
Algeria
100%
Angola
100%
Arabia Saudyjska
100%
Austria
100%
Bangladesz
100%
Belize
100%
Bhutan
100%
Białoruś
100%
Boliwia
100%
Brazylia
100%
Chile
100%
Chiny
100%
Dania
100%
Egipt
100%
Erytrea
100%
Filipiny
100%
Finlandia
100%
Francja
100%
Ghana
100%
Gruzja
100%
Holandia
100%
Indonezja
100%
Irlandia
100%
Islandia
100%
Jamajka
100%
Jemen
100%
Jordania
100%
Kanada
100%
Kazachstan
100%
Kiribati
100%
Korea Północna
100%
Kosowo
100%
Kuba
100%
Libia
100%
Litwa
100%
Łotwa
100%
Macedonia
100%
Madagaskar
100%
Malta
100%
Maroko
100%
Mikronezja
100%
Mołdawia
100%
Mongolia
100%
Namibia
100%
Nepal
100%
Niemcy
100%
Niger
100%
Nigeria
100%
Norwegia
100%
Nowa Zelandia
100%
Oman
100%
Panama
100%
Polska
100%
Republika Południowej Afryki
100%
Republika Środkowoafrykańska
100%
Rosja
100%
Senegal
100%
Seszele
100%
Sierra Leone
100%
Słowacja
100%
Somalia
100%
Sri Lanka
100%
Stany Zjednoczone
100%
Sudan
100%
Surinam
100%
Szwecja
100%
Tadżykistan
100%
Tajlandia
100%
Tajwan
100%
Tonga
100%
Turcja
100%
Ukraina
100%
Urugwaj
100%
Uzbekistan
100%
Włochy
100%
Zambia
100%
Zjednoczone Emiraty Arabskie
100%
Bahamy
80%
Bułgaria
80%
Estonia
80%
Iran
80%
Meksyk
80%
Słowenia
80%
Wybrzeże Kości Słoniowej
80%
Dominikana
75%
Ekwador
75%
Kambodża
75%
Syria
75%
Tunezja
75%
Wyspy Salomona
75%
Afganistan
67%
Argentyna
67%
Bośnia i Hercegowina
67%
Chorwacja
67%
Gwinea Równikowa
67%
Haiti
67%
Japonia
67%
Laos
67%
Malezja
67%
Nauru
67%
Portugalia
67%
Rumunia
67%
Samoa
67%
Togo
67%
Wenezuela
67%
Wietnam
67%
Armenia
50%
Burundi
50%
Fidżi
50%
Gwatemala
50%
Gwinea
50%
Gwinea-Bissau
50%
Hiszpania
50%
Honduras
50%
India
50%
Kenia
50%
Komory
50%
Korea Południowa
50%
Liberia
50%
Mozambik
50%
Paragwaj
50%
Turkmenistan
50%
Uganda
50%
Vanuatu
50%
Wielka Brytania
50%
Kamerun
40%
Salwador
40%
Burkina Faso
33%
Gujana
33%
Pakistan
33%
Rwanda
33%
Zielony Przylądek
25%
Zimbabwe
25%
Australia
0%
Azerbejdżan
0%
Belgia
0%
Benin
0%
Botswana
0%
Cypr
0%
Czad
0%
Czarnogóra
0%
Czechy
0%
Dżibuti
0%
Eswatini
0%
Etiopia
0%
Gabon
0%
Grecja
0%
Irak
0%
Izrael
0%
Kirgistan
0%
Kolumbia
0%
Kostaryka
0%
Kuwejt
0%
Lebanon
0%
Liban
0%
Malawi
0%
Maldiwy
0%
Mali
0%
Mauretania
0%
Mauritius
0%
Myanmar
0%
Nikaragua
0%
Palau
0%
Papua Nowa Guinea
0%
Peru
0%
Republika Demokratyczna Konga
0%
Republika Konga
0%
Serbia
0%
Sudan Południowy
0%
Szwajcaria
0%
Tanzania
0%
Tuvalu
0%
Węgry
0%
Wyspy Marshalla
0%
Wyspy Świętego Tomasza i Książęca
0%
Nie znaleziono quizów pasujących do podanych kryteriów
Rozkład punktacji
Procent ludzi z każdym wynikiem
Percentyl według liczby udzielonych odpowiedzi
Twoja historia wyników
Nie rozwiązałeś tego quizu